Statistics for Quiz about Ann Arbor,Michigan

Click here to take the quiz!

General Stats

  • This quiz has been taken 8 times
  • The average score is 2 of 7

Answer Stats

HintAnswer% Correct
Which river runs through Ann Arbor?Huron
88%
What is the demonym of someone from Ann Arbor?Ann Arborite
75%
In which year was Ann Arbor founded?1824
25%
Who is the current mayor?Christopher Taylor
13%
Which African capital city is twinned with Ann Arbor?Dakar
13%
In which county is it in?Washentaw
13%
martha Vickers the actress was from Ann Arbor which famous actor did she marry?Mickey Rooney
0%

Score Distribution

Percentile by Number Answered

Percent of People with Each Score

Your Score History

You have not taken this quiz